000 00305nam a22001337a 4500
008 170207b xxu||||| |||| 00| 0 eng d
020 _a9781437722567
041 _aeng
080 _212
_a61
100 _a4
101 _aSHM
245 _aINSURANCE HANDBOOK MEDICAL OFFICE
_cANDREW ALLEN
942 _2udc
_cBK
999 _c4846
_d4846